Statistiques concernant Les noms des rennes du Père Noel

Cliquez ici pour prendre le quiz!

Statistiques générales

  • Ce quiz a été pris 14 fois
  • Le résultat moyen est 3 sur 9

Statistiques - réponses

Rennes du Père Noel% Correct
Rudolph
100%
Comète
50%
Eclair
50%
Tornade
50%
Furie
30%
Tonnerre
30%
Cupidon
10%
Fringant
10%
Danseuse
0%

Distribution des résultats

Percentile par nombre de réponses

% des personnes avec chaque résultat

Votre développement - résultats

Vous n’avez pas pris ce quiz